| 000 | 00388nam a22001457a 4500 | ||
|---|---|---|---|
| 020 | _a9781566706889 | ||
| 082 |
_a631.45 _bROO/SO |
||
| 245 | _aAdvances in Soil Science: Soil Erosion And Carbon Dynamics | ||
| 260 |
_aBoca Raton _bTaylor and Francis _c2014 |
||
| 300 | _a352 | ||
| 700 |
_aRoose,Eric J. _9936 |
||
| 700 |
_aRattan Lal _9450 |
||
| 700 |
_aFeller,Christian _9937 |
||
| 942 | _cBK | ||
| 999 |
_c14538 _d14538 |
||